Satellite navigation: why Galileo? (Record no. 72082)

MARC details
000 -LEADER
fixed length control field 00876cam a2200181 4500
001 - CONTROL NUMBER
control field X121292
008 - FIXED-LENGTH DATA ELEMENTS--GENERAL INFORMATION
fixed length control field 030207n2003 000 0 eng u
035 ## - SYSTEM CONTROL NUMBER
System control number (Sirsi) u121292
100 ## - MAIN ENTRY--PERSONAL NAME
Personal name Ashkenazi, V.
245 ## - TITLE STATEMENT
Title Satellite navigation: why Galileo?
260 ## - PUBLICATION, DISTRIBUTION, ETC.
Date of publication, distribution, etc. 2003
490 ## - SERIES STATEMENT
Series statement Civil Engineering Surveyor
Volume/sequential designation February 2003, 22-26 (5)
520 ## - SUMMARY, ETC.
Summary, etc. Presents an overview of the use of the Galileo global positioning system, including its history, augmentation, development, deployment and its future. Concludes the system will have a wideranging effect on engineering surveying and the introduction of a whole range of new applications and techniques which will expand its use into difficult environments such as city canyons and even indoors.
650 ## - SUBJECT ADDED ENTRY--TOPICAL TERM
Topical term or geographic name entry element GALILEO DIGITAL STEREOCARTOGRAPH
650 ## - SUBJECT ADDED ENTRY--TOPICAL TERM
Topical term or geographic name entry element SATELLITE NAVIGATION
690 ## - LOCAL SUBJECT ADDED ENTRY--TOPICAL TERM (OCLC, RLIN)
Topical term or geographic name as entry element GEOMATICS-GPS
942 ## - ADDED ENTRY ELEMENTS (KOHA)
Suppress in OPAC 0
Holdings
Withdrawn status Lost status Source of classification or shelving scheme Damaged status Not for loan Home library Current library Shelving location Date acquired Total Checkouts Full call number Barcode Date last seen Copy number Price effective from Koha item type
    Dewey Decimal Classification     London London Journal article 07/02/2003   X121292 121292-1001 06/08/2019 1 06/08/2019 Journal article